000 00811nam a2200229Ia 4500
003 OSt
005 20220923220320.0
006 a|||||r|||| 00| 0
007 ta
008 220922b |||||||| |||| 00| 0 hin d
024 _a185,935
037 _cTextual
040 _aARTS
_cARTS
_bhin
041 _2hin
_ahin
082 _aY173P15:1.M, 152L1-;1
100 _aयूसुफ हुसैन
_9156290
245 0 _aमध्युगीन भारतीय संस्कृति, अनु मुहम्मद उमर
246 _aMadhyugīn bhāratīya sanskṛuti, anu0 muhammad umara
260 _aअलीगढ
_b भारत प्रकाशन
_c1971
942 _hY173P15:1.M, 152L1-;1
_cTEXL
_2CC
999 _c339180
_d339180